| 000 | 00817nam a2200277Ia 4500 | ||
|---|---|---|---|
| 001 | Para_8052 | ||
| 003 | CHAP | ||
| 008 | 220125s1931 xx 000 0 und d | ||
| 010 | _a206896 | ||
| 040 | _cCHAP | ||
| 082 | _aPA-C 595.75 H4 | ||
| 100 |
_aHungerford, H. B. _956910 |
||
| 245 |
_aSome aquatic and semiaquatic hemiptera from sumatra / _c by H. B. Hungerford |
||
| 260 |
_aSumatra : _b Miscellanea zoologica sumastra |
||
| 300 | _a5 p. | ||
| 440 |
_aHemiptera; 13 _9173248 |
||
| 500 | _aEncuadernado con otros impresos similares | ||
| 650 |
_aHemÃpteros _x colecciones de escritos HemÃptera _9173255 |
||
| 901 | _aPA-C 595.75 H4 | ||
| 902 | _aA | ||
| 905 | _a0000001931 0000000000 00 | ||
| 910 | _a1931 | ||
| 942 | _cPARA | ||
| 942 |
_cPARA _d1 |
||
| 999 |
_c206896 _d206896 |
||